Use of rubber derivatives and rubber seed oil in paints (Record no. 71934)

MARC details
000 -LEADER
fixed length control field 00435nam a2200157Ia 4500
100 ## - MAIN ENTRY--AUTHOR NAME
Personal name Coomarasamy A
245 #0 - TITLE STATEMENT
Title Use of rubber derivatives and rubber seed oil in paints
260 ## - PUBLICATION, DISTRIBUTION, ETC. (IMPRINT)
Name of publisher Rubber Research Institute of Sri Lanka Bulletin
Year of publication 1977
300 ## - PHYSICAL DESCRIPTION
Number of Pages 75-82
650 ## - SUBJECT ADDED ENTRY--TOPICAL TERM
Topical Term Natural rubber
650 ## - SUBJECT ADDED ENTRY--TOPICAL TERM
Topical Term Paints
650 ## - SUBJECT ADDED ENTRY--TOPICAL TERM
Topical Term Rubber seed
650 ## - SUBJECT ADDED ENTRY--TOPICAL TERM
Topical Term Rubber seed oil
942 ## - ADDED ENTRY ELEMENTS (KOHA)
Koha item type Journals
Holdings
Withdrawn status Lost status Damaged status Not for loan Home library Current library Shelving location Date acquired Serial Enumeration / chronology Koha item type
      Journals RRII Library RRII Library Rubber general 17/12/2021 Volume 12, Issue 2 Journals